El juglar de las torres moradas (Homenaje lírico a Federico García Lorca)
Guardado en:
| Autor principal: | |
|---|---|
| Formato: | Libro |
| Lenguaje: | Undetermined |
| Publicado: |
Caracas, Venezuela
B.D.A.
1980
|
| Materias: | |
| Etiquetas: |
Agregar Etiqueta
Sin Etiquetas, Sea el primero en etiquetar este registro!
|
MARC
| LEADER | 00000nam a2200000Ia 4500 | ||
|---|---|---|---|
| 008 | 170316s9999 xx 000 0 und d | ||
| 040 | |a cru BVZT | ||
| 090 | |a 862 L-4j | ||
| 100 | |a Lameda, Alí | ||
| 245 | |a El juglar de las torres moradas (Homenaje lírico a Federico García Lorca) | ||
| 260 | |a Caracas, Venezuela | ||
| 260 | |b B.D.A. | ||
| 260 | |c 1980 | ||
| 300 | |a 109 páginas | ||
| 650 | |a LITERATURA ESPAÑOLA | ||
| 650 | |a POESÍA | ||
| 650 | |a HOMENAJE A FEDERICO GARCÍA LORCA | ||
| 999 | |c 10087 |d 10087 | ||
| 942 | |c 15 D |h 862 L-4j |2 z | ||
